000 00423nam a2200169Ia 4500
005 20241120005104.0
008 240331s9999 xx 000 0 und d
082 _bPAR
_a900
100 _aParanavitana,S
245 4 _aThe greeks and the maurayas
260 _aColombo
_bLake House Investments Limited
_c1971
300 _avii, 188 p .,
650 _aSanskrit
650 _aHistory
650 _aGeographical
942 _cL
999 _c5413
_d5413